Mary Shelley's monster : the story of Frankenstein /

Bibliographic Details
Main Author: Tropp, Martin
Other Authors: Shelley, Mary Wollstonecraft, 1797-1851
Format: Book
Language:English
Published: Boston : Houghton Mifflin, 1976.
Subjects:

MARC

Tag First Indicator Second Indicator Subfields
LEADER 00000pam a2200000 i 4500
001 in00000048493
005 20151007071631.0
008 751215s1976 mauaf b 00110 eng
010 |a  75044041  
020 |a 0395240662 
035 |a (OCoLC)01976074 
035 |9 AAE6347AM 
040 |a DLC  |c DLC  |d TXA  |d UtOrBLW 
049 |a TXAM  |c 1 [1392665]  |a TXAS [scif]  |c 2,3 
050 0 0 |a PR5397.F73  |b T7 
082 0 |a 823/.7 
100 1 |a Tropp, Martin. 
245 1 0 |a Mary Shelley's monster :  |b the story of Frankenstein /  |c Martin Tropp ; illustrated with photos. 
264 1 |a Boston :  |b Houghton Mifflin,  |c 1976. 
300 |a xii, 192 pages, 12 unnumbered leaves of plates :  |b illustrations ;  |c 22 cm. 
336 |a text  |b txt  |2 rdacontent 
337 |a unmediated  |b n  |2 rdamedia 
338 |a volume  |b nc  |2 rdacarrier 
500 |a Includes index. 
504 |a Filmography: pages 169-174. 
504 |a Bibliography: pages 175-185. 
600 1 0 |a Shelley, Mary Wollstonecraft,  |d 1797-1851.  |t Frankenstein. 
600 1 0 |a Shelley, Mary Wollstonecraft,  |d 1797-1851  |x Characters  |x Frankenstein. 
650 0 |a Frankenstein films  |x History and criticism. 
650 0 |a Frankenstein films  |x Chronology. 
700 1 |a Shelley, Mary Wollstonecraft,  |d 1797-1851.  |t Frankenstein. 
740 0 |a Frankenstein. 
944 |a stk  |h REPL<57515>REP-LATEST<>REF<LHAMBRIC>  |m Replacement on order 
999 |a MARS 
999 f f |s 0b7630ad-59d1-3a51-be5a-b7e31497fcf2  |i ba601ba1-06cf-39fe-989a-501ea54cb2c9  |t 0 
952 f f |p noncirc  |a Texas A&M University  |b College Station  |c Cushing Memorial Library & Archives  |d Cushing: Science Fiction (Does not check out)  |t 0  |e PR5397.F73 T7  |h Library of Congress classification  |i unmediated -- volume 
952 f f |p noncirc  |a Texas A&M University  |b College Station  |c Cushing Memorial Library & Archives  |d Cushing: Science Fiction (Does not check out)  |t 0  |e PR5397.F73 T7  |h Library of Congress classification  |i unmediated -- volume 
952 f f |p normal  |a Texas A&M University  |b College Station  |c Sterling C. Evans Library  |d Evans: Library Stacks  |t 0  |e PR5397.F73 T7  |h Library of Congress classification  |i unmediated -- volume  |m A14834089944 
998 f f |a PR5397.F73 T7  |t 0  |l Cushing: Science Fiction (Does not check out) 
998 f f |a PR5397.F73 T7  |t 0  |l Cushing: Science Fiction (Does not check out) 
998 f f |a PR5397.F73 T7  |t 0  |l Evans: Library Stacks